LEADER 01374nam 2200385z- 450 001 9910694340503321 005 20070822095629.0 035 $a(CKB)5860000000035112 035 $a(BIP)017102648 035 $a(EXLCZ)995860000000035112 100 $a20220406c2007uuuu -u- - 101 0 $aeng 200 10$aTo examine tax fraud committed by prison inmates $ehearing before the Subcommittee on Oversight of the Committee on Ways and Means, U.S. House of Representatives, One Hundred Ninth Congress, first session, June 29, 2005 215 $a1 online resource (iii, 66 p.) 311 $a0-16-079101-4 517 $aTo examine tax fraud committed by prison inmates 606 $aTax evasion$zUnited States 606 $aTax returns$xCorrupt practices$zUnited States 606 $aPrisoners$zUnited States 606 $aTax administration and procedure$zUnited States 610 $aTax evasion 610 $aTax returns 610 $aPrisoners 610 $aTax administration and procedure 610 $aLaw 610 $aBusiness & economics 610 $aSocial science 615 0$aTax evasion 615 0$aTax returns$xCorrupt practices 615 0$aPrisoners 615 0$aTax administration and procedure 906 $aBOOK 912 $a9910694340503321 996 $aTo examine tax fraud committed by prison inmates$93133419 997 $aUNINA